000
00354nam a2200157Ia 4500
001
7871
008
140321s9999 xx 000 0 und d
040
_c
PK-LaUMT
082
_a
297
_b
KHU-F
100
_a
Khurshid Ahmad
245
_a
Fanaticism, intolerance and Islam
_c
Khurshid Ahmad
260
_c
1981
300
_a
64 p.
546
_a
EN
942
_c
BK
999
_c
9267
_d
9267